Japanese Vocabulary: Places - Statistics

General Stats
  • This quiz has been taken 190 times
  • The average score is 41 of 136
Answer Stats
English Kanji/Kana Romaji % Correct
tower タワー / 塔 tawā / tō
84%
apartment アパート apāto
75%
hotel ホテル hoteru
75%
house 家 / 家屋 ie / kaoku
70%
bank 銀行 ginkō
68%
bridge hashi
68%
izakaya 居酒屋 izakaya
68%
kaidō 街道 kaidō
68%
hospital 病院 byōin
66%
bookstore 本屋 hon'ya
64%
town machi
64%
library 図書館 toshokan
64%
airport 空港 / 飛行場 kūkō / hikōjō
63%
restaurant レストラン resutoran
61%
world 世界 sekai
61%
department store デパート depāto
59%
country kuni
59%
building 建物 / ビル tatemono / biru
59%
railway station eki
57%
park 公園 kōen
57%
garden niwa
57%
village mura
55%
ryokan 旅館 ryokan
55%
opera オペラ opera
54%
shop 店 / 商店 mise / shōten
52%
bakery パン屋 pan'ya
52%
art museum 美術館 bijutsukan
50%
foreign country 外国 gaikoku
50%
supermarket スーパー sūpā
50%
Buddhist temple tera
50%
place 場所 / 所 basho / tokoro
48%
zoo 動物園 dōbutsuen
48%
cinema 映画館 eigakan
48%
shrine 神社 jinja
48%
club クラブ kurabu
48%
city 都市 toshi
48%
mansion マンション manshon
46%
fish shop 魚屋 sakanaya
45%
pub 酒場 / パブ sakaba / pabu
43%
castle shiro
43%
heaven 天国 tengoku
43%
gate mon
41%
butcher's 肉屋 nikuya
41%
amusement park 遊園地 yūenchi
41%
coffee shop 喫茶店 kissaten
39%
harbor minato
39%
aquarium 水族館 suizokukan
39%
tori gate 鳥居 torii
38%
pharmacy 薬局 / 薬屋 yakkyoku / kusuriya
36%
florist's 花屋 hanaya
34%
hostel ホステル hosuteru
34%
address 住所 jūsho
34%
neighborhood 近所 kinjo
34%
church 教会 kyōkai
32%
barber's 床屋 tokoya
30%
post office 郵便局 yūbinkyoku
30%
region 地方 / 地域 chihō / chiiki
29%
swimming pool プール pūru
29%
capital city 首都 shuto
29%
intersection 交差点 kōsaten
27%
mosque モスク mosuku
27%
car park 駐車場 chūshajō
25%
museum 博物館 hakubutsukan
25%
casino カジノ kajino
25%
grave haka
23%
archaeological site 遺跡 iseki
23%
factory 工場 kōjō
23%
stadium スタジアム sutajiamu
23%
continent 大陸 tairiku
23%
hometown 故郷 furusato
21%
theatre 劇場 gekijō
21%
peninsula 半島 hantō
21%
household 家庭 katei
21%
pet shop ペットショップ pettoshoppu
21%
cemetery 墓地 bochi
20%
emergency exit 非常口 hijōguchi
20%
market 市場 ichiba / shijō
20%
rural area 田舎 inaka
20%
assembly hall 会場 kaijō
20%
capsule hotel カプセルホテル kapuseruhoteru
20%
national park 国立公園 kokuritsukōen
20%
lighthouse 灯台 tōdai
20%
bathhouse 風呂屋 furoya
18%
border 国境 kokkyō
18%
farm 農場 nōjō
18%
paradise 楽園 rakuen
18%
terminal ターミナル tāminaru
18%
villa 別荘 bessō
16%
maze, labirynth 迷路 meiro
16%
warehouse 倉庫 sōko
16%
gym 体育館 taiikukan
16%
embassy 大使館 taishikan
16%
prison 刑務所 keimusho
14%
lawn shiba
14%
city hall 市役所 shiyakusho
14%
district (of town) 丁目 chōme
13%
railway crossing 踏切 fumikiri
13%
fountain 噴水 funsui
13%
gas station ガソリンスタンド gasorinsutando
13%
power plant 発電所 hatsudensho
13%
runway 滑走路 kassōro
13%
memorial hall 記念館 kinenkan
13%
suburbs 郊外 kōgai
13%
mine 鉱山 kōzan
13%
arena 競技場 kyōgijō
13%
farmland 農地 nōchi
13%
resort リゾート rizōto
13%
court 裁判所 saibansho
13%
botanical garden 植物園 shokubutsuen
13%
greengrocer's 八百屋 yaoya
13%
playground 遊び場 asobiba
11%
district 地区 chiku
11%
cathedral カテドラル katedoraru
11%
orphanage 孤児院 kojiin
11%
palace 宮殿 kyūden
11%
street corner 街角 machikado
11%
duty free shop 免税店 menzeiten
11%
main gate 山門 sanmon
11%
equator 赤道 sekidō
11%
bus stop 停留所 teiryūjo
11%
ranch 牧場 bokujō
9%
site 現場 genba
9%
ruins 廃墟 haikyo
9%
construction site 建設現場 kensetsugenba
9%
shopping district 商店街 shōtengai
9%
ski resort スキー場 sukījō
9%
fish market 魚市場 uoichiba
9%
nuclear power plant 原発 genpatsu
7%
head office 本部 honbu
7%
cityscape 町並み machinami
7%
green space 緑地 ryokuchi
7%
clinic 診療所 shinryōjo
7%
shipyard 造船所 zōsenjo
7%
government office 官庁 kanchō
5%
pawnshop 質屋 shichiya
5%
monastery 修道院 shūdōin
4%
No matching quizzes found
Score Distribution
Percent of People with Each Score
Percentile by Number Answered
Your Score History
You have not taken this quiz